[Event "DEM U18 2017"]
[Site "Willingen GER"]
[Date "2017.06.04"]
[Round "2"]
[White "Küppers, Timo"]
[Black "Schneider, Jana"]
[Result "0-1"]
[Termination "normal"]
[Board "9"]
[BlackTitle "FM"]
[WhiteElo "2192"]
[BlackElo "2270"]
[WhiteClock "00:02:51"]
[BlackClock "00:02:11"]
[PlyCount "80"]
[WhiteFideId "16205820"]
[BlackFideId "12924997"]
[EventCountry "GER"]
[EventRounds "9"]
[EventType "swiss"]
[EventDate "2017.06.03"]

1. c4 e5 2. g3 Nc6 3. Nc3 Bc5 4. Bg2 a6 5. e3 d6 6. Nge2 Ba7 7. a3 h5 8. h4 Bg4
9. b4 Qc8 10. Bb2 Nge7 11. Qc2 Nd8 12. Rc1 Qd7 13. Ne4 f6 14. N2c3 c6 15. a4 d5
16. cxd5 cxd5 17. Nc5 Bxc5 18. bxc5 Rc8 19. d4 e4 20. a5 Ndc6 21. Qa4 Qf5 22.
Rb1 Rc7 23. Rf1 Rg8 24. Kd2 g5 25. hxg5 fxg5 26. Rbe1 Kd8 27. Ne2 h4 28. gxh4
gxh4 29. Nf4 h3 30. Bh1 Ng6 31. f3 exf3 32. Bxf3 Nxf4 33. Bxg4 Rxg4 34. exf4
Rxf4 35. Rg1 Rg4 36. Rgf1 Rg2+ 37. Kc1 Qg5+ 38. Kb1 Qg6+ 39. Ka1 Rf7 40. Qd1 h2
0-1

[Event "DEM U18 2017"]
[Site "Willingen GER"]
[Date "2017.06.04"]
[Round "2"]
[White "Urban, Konstantin"]
[Black "Karsay, Pascal"]
[Result "1-0"]
[Termination "normal"]
[Board "10"]
[WhiteElo "2377"]
[BlackElo "2141"]
[WhiteClock "00:18:33"]
[BlackClock "00:12:59"]
[PlyCount "47"]
[WhiteFideId "12927511"]
[BlackFideId "12953474"]
[EventCountry "GER"]
[EventRounds "9"]
[EventType "swiss"]
[EventDate "2017.06.03"]

1. e4 c5 2. Nf3 e6 3. d4 cxd4 4. Nxd4 a6 5. Bd3 Bc5 6. Nb3 Be7 7. O-O d6 8. c4
Nf6 9. Nc3 Qc7 10. Qe2 b6 11. f4 Nbd7 12. g4 g6 13. Nd4 Nc5 14. Bc2 e5 15. g5
Nh5 16. Nd5 Qb7 17. Nf5 gxf5 18. Qxh5 Nxe4 19. Bxe4 fxe4 20. f5 Bd8 21. Be3 Ra7
22. Kh1 Rf8 23. Qxh7 Qd7 24. Bxb6 1-0

[Event "DEM U18 2017"]
[Site "Willingen GER"]
[Date "2017.06.04"]
[Round "2"]
[White "Neukirchner, Pascal"]
[Black "Silber, Kevin"]
[Result "1-0"]
[Termination "normal"]
[Board "11"]
[WhiteElo "2108"]
[BlackElo "2048"]
[WhiteClock "00:22:16"]
[BlackClock "00:09:39"]
[PlyCount "73"]
[WhiteFideId "12997927"]
[BlackFideId "12930440"]
[EventCountry "GER"]
[EventRounds "9"]
[EventType "swiss"]
[EventDate "2017.06.03"]

1. d4 d5 2. c4 c6 3. Nc3 Nf6 4. Nf3 dxc4 5. a4 Bf5 6. e3 e6 7. Bxc4 Bb4 8. O-O
Nbd7 9. Qe2 O-O 10. e4 Bg4 11. e5 Nd5 12. Nxd5 cxd5 13. Bd3 Be7 14. a5 Nb8 15.
Bd2 Nc6 16. Ra4 Qd7 17. Rfa1 a6 18. Qe3 Bh5 19. Ne1 Bg6 20. Be2 Rac8 21. b4 Na7
22. Nd3 Bxd3 23. Bxd3 f5 24. f4 Rc7 25. Kh1 Rfc8 26. R4a2 Nb5 27. Rg1 h5 28. h3
Nc3 29. Bxc3 Rxc3 30. g4 hxg4 31. hxg4 Qe8 32. gxf5 exf5 33. Rh2 R8c6 34. Qh3
Qf8 35. e6 Rxe6 36. Bxf5 Rf6 37. Be6+ 1-0

[Event "DEM U18 2017"]
[Site "Willingen GER"]
[Date "2017.06.04"]
[Round "2"]
[White "Hesse, Henrik"]
[Black "Reindl, Arno"]
[Result "0-1"]
[Termination "normal"]
[Board "12"]
[WhiteElo "2161"]
[BlackElo "2013"]
[WhiteClock "00:01:34"]
[BlackClock "00:59:40"]
[PlyCount "156"]
[WhiteFideId "12952060"]
[BlackFideId "12946729"]
[EventCountry "GER"]
[EventRounds "9"]
[EventType "swiss"]
[EventDate "2017.06.03"]

1. d4 Nf6 2. c4 e6 3. Nf3 b6 4. g3 Bb7 5. Bg2 Bb4+ 6. Bd2 Bxd2+ 7. Nbxd2 O-O 8.
O-O d5 9. Qc2 Na6 10. Ne5 Nd7 11. Ndf3 Nxe5 12. Nxe5 f6 13. Nd3 c6 14. b4 Nc7
15. c5 Nb5 16. Qb2 Nc7 17. cxb6 axb6 18. a4 Ba6 19. Qc3 Bc4 20. Nb2 b5 21. Nxc4
bxc4 22. e4 Qd6 23. f4 Rfb8 24. Rfb1 Ra7 25. f5 Rab7 26. fxe6 Rxb4 27. Rxb4
Qxb4 28. Qxb4 Rxb4 29. exd5 cxd5 30. a5 c3 31. Rc1 Rb3 32. a6 Kf8 33. a7 Ra3
34. a8=Q+ Nxa8 35. Bxd5 Nb6 36. Be4 Nc4 37. Kf2 Ke7 38. d5 g6 39. g4 Kd6 40.
Ke2 Nb2 41. h4 Ra4 42. Kf3 Nc4 43. Ke2 Ne5 44. Bf3 Ra2+ 45. Ke3 c2 46. Be2 Ra5
47. Rxc2 Rxd5 48. Ke4 Ra5 49. e7 Kxe7 50. Rc7+ Nd7 51. Kf4 Kd6 52. Rb7 Ra4+ 53.
Kg3 Ra3+ 54. Kg2 Ra2 55. Kf1 Ra5 56. Kg2 Rc5 57. Rb2 Ne5 58. Rd2+ Rd5 59. Rxd5+
Kxd5 60. Kg3 Ke4 61. Bd1 Ke3 62. Bc2 Nd3 63. Bb1 Nc5 64. h5 Ne4+ 65. Kg2 g5 66.
h6 Kf4 67. Bd3 Nd6 68. Bxh7 Nf7 69. Bf5 Nxh6 70. Bd7 Nxg4 71. Kh3 Ne3 72. Kh2
g4 73. Kg1 Kg3 74. Bc6 f5 75. Kh1 f4 76. Be4 f3 77. Bd3 Kf2 78. Bf1 g3 0-1

[Event "DEM U18 2017"]
[Site "Willingen GER"]
[Date "2017.06.04"]
[Round "2"]
[White "Vuckovic, Zarko"]
[Black "Carnot, Luca"]
[Result "1-0"]
[Termination "normal"]
[Board "13"]
[WhiteElo "2063"]
[BlackElo "1946"]
[WhiteClock "00:37:28"]
[BlackClock "00:03:34"]
[PlyCount "73"]
[WhiteFideId "12952087"]
[BlackFideId "12958964"]
[EventCountry "GER"]
[EventRounds "9"]
[EventType "swiss"]
[EventDate "2017.06.03"]

1. e4 c5 2. Nc3 Nc6 3. d3 g6 4. Be3 d6 5. Qd2 Bg7 6. g3 a6 7. Bg2 Rb8 8. f4 Nf6
9. h3 Qc7 10. Nf3 b5 11. O-O O-O 12. g4 b4 13. Nd1 Rd8 14. f5 c4 15. Bh6 Bh8
16. Ne3 Na5 17. Ng5 Bd7 18. Qf2 Qc5 19. Kh1 Bb5 20. Nd5 Rd7 21. d4 Qa7 22. c3
bxc3 23. bxc3 Bc6 24. fxg6 hxg6 25. Nxf7 Kxf7 26. g5 Bxd5 27. exd5 Rdd8 28.
gxf6 exf6 29. Bg5 Re8 30. Bxf6 Bxf6 31. Qxf6+ Kg8 32. Qxd6 Qg7 33. Rf6 Rbd8 34.
Qxa6 Ra8 35. Qd6 Rad8 36. Qf4 Re2 37. Rf1 1-0

[Event "DEM U18 2017"]
[Site "Willingen GER"]
[Date "2017.06.04"]
[Round "2"]
[White "Philippi, Aidan"]
[Black "Brunner, Wilken"]
[Result "0-1"]
[Termination "normal"]
[Board "14"]
[WhiteElo "1664"]
[BlackElo "2037"]
[WhiteClock "00:40:50"]
[BlackClock "01:15:39"]
[PlyCount "90"]
[WhiteFideId "16229533"]
[BlackFideId "12928771"]
[EventCountry "GER"]
[EventRounds "9"]
[EventType "swiss"]
[EventDate "2017.06.03"]

1. e4 e6 2. d4 d5 3. Nc3 Nf6 4. e5 Nfd7 5. Nf3 c5 6. Ne2 Nc6 7. c3 Qb6 8. Qc2
f6 9. exf6 Nxf6 10. Be3 Bd7 11. Ng5 Rc8 12. dxc5 Bxc5 13. Bxc5 Qxc5 14. Ng3 e5
15. Bd3 e4 16. Bxe4 dxe4 17. N3xe4 Nxe4 18. Nxe4 Qe7 19. O-O-O O-O 20. Nd6 Rb8
21. Rhe1 Qg5+ 22. Kb1 Bf5 23. Nxf5 Qxf5 24. f3 Qxc2+ 25. Kxc2 Rfe8 26. f4 Rxe1
27. Rxe1 Kf7 28. g3 Re8 29. Rxe8 Kxe8 30. Kd3 Ke7 31. b4 b5 32. a3 Kd6 33. Ke4
Ne7 34. Kd4 Nf5+ 35. Ke4 Ke6 36. g4 Nd6+ 37. Kd4 Nc4 38. a4 a6 39. axb5 axb5
40. Kc5 Na3 41. h3 h6 42. h4 g6 43. Kc6 h5 44. f5+ gxf5 45. gxh5 f4 0-1

[Event "DEM U18 2017"]
[Site "Willingen GER"]
[Date "2017.06.05"]
[Round "3"]
[White "Sawlin, Leonid"]
[Black "Uksini, Bardhyl"]
[Result "1-0"]
[Termination "normal"]
[Board "1"]
[WhiteTitle "FM"]
[WhiteElo "2303"]
[BlackElo "2331"]
[WhiteClock "00:55:14"]
[BlackClock "00:20:37"]
[PlyCount "77"]
[WhiteFideId "4689542"]
[BlackFideId "1628313"]
[EventCountry "GER"]
[EventRounds "9"]
[EventType "swiss"]
[EventDate "2017.06.03"]

1. e4 c5 2. Nf3 e6 3. d4 cxd4 4. Nxd4 Nc6 5. Nc3 Qc7 6. Nb3 a6 7. Bd3 Nf6 8. f4
d6 9. O-O b5 10. Qf3 Bb7 11. Bd2 Be7 12. Qg3 Nh5 13. Qh3 Nf6 14. Rae1 h5 15.
Nd1 e5 16. Ne3 Bc8 17. f5 Bd7 18. Kh1 g5 19. Nd5 Nxd5 20. exd5 Nd8 21. Qe3 f6
22. Ba5 Qb8 23. Nd4 Qa7 24. Ne6 Qxe3 25. Rxe3 Bxe6 26. fxe6 Nb7 27. Bb4 Kf8 28.
Rg3 Kg7 29. Rxg5+ fxg5 30. Rf7+ Kh6 31. Rxe7 a5 32. Bd2 Nc5 33. Bxb5 Rab8 34.
a4 Ne4 35. Be3 Rhf8 36. h4 Rxb5 37. axb5 Ng3+ 38. Kg1 Kg6 39. Rf7 1-0

[Event "DEM U18 2017"]
[Site "Willingen GER"]
[Date "2017.06.05"]
[Round "3"]
[White "Schneider, Jana"]
[Black "Ehmann, Thilo"]
[Result "1/2-1/2"]
[Termination "normal"]
[Board "2"]
[WhiteTitle "FM"]
[BlackTitle "FM"]
[WhiteElo "2270"]
[BlackElo "2268"]
[WhiteClock "00:11:24"]
[BlackClock "00:12:22"]
[PlyCount "61"]
[WhiteFideId "12924997"]
[BlackFideId "12940968"]
[EventCountry "GER"]
[EventRounds "9"]
[EventType "swiss"]
[EventDate "2017.06.03"]

1. e4 c5 2. Nf3 a6 3. c3 b6 4. d4 Bb7 5. Bd3 d6 6. O-O Nd7 7. Qe2 e5 8. dxe5
Nxe5 9. Nxe5 dxe5 10. f4 Bd6 11. fxe5 Bxe5 12. Qh5 Qe7 13. Bc4 O-O-O 14. Nd2
Nf6 15. Qf5+ Kb8 16. Nf3 Bc7 17. e5 Nd7 18. Bf4 Bxf3 19. Rxf3 Nxe5 20. Bxe5
Qxe5 21. Qh3 b5 22. Bxf7 Qe2 23. Rf2 Rd1+ 24. Rxd1 Qxd1+ 25. Rf1 Qd6 26. g3 h5
27. Qe6 h4 28. Qxd6 Bxd6 29. Kg2 hxg3 30. hxg3 Rf8 31. Rf3 1/2-1/2

[Event "DEM U18 2017"]
[Site "Willingen GER"]
[Date "2017.06.05"]
[Round "3"]
[White "Lagunow, Raphael"]
[Black "Spitzl, Vinzent"]
[Result "1-0"]
[Termination "normal"]
[Board "3"]
[WhiteTitle "FM"]
[WhiteElo "2318"]
[BlackElo "2245"]
[WhiteClock "00:29:53"]
[BlackClock "00:00:55"]
[PlyCount "81"]
[WhiteFideId "24652644"]
[BlackFideId "12901253"]
[EventCountry "GER"]
[EventRounds "9"]
[EventType "swiss"]
[EventDate "2017.06.03"]

1. e4 c5 2. Nf3 d6 3. d4 cxd4 4. Nxd4 Nf6 5. Nc3 a6 6. Bg5 e6 7. f4 Qc7 8. Qf3
b5 9. Bxf6 gxf6 10. O-O-O b4 11. Nce2 Bb7 12. Ng3 Nc6 13. Nxc6 Qxc6 14. Bd3
O-O-O 15. Kb1 h5 16. f5 h4 17. Nh5 d5 18. Nxf6 Bg7 19. exd5 Qb6 20. Ng4 Bxd5
21. Be4 Bd4 22. Bxd5 Rxd5 23. fxe6 fxe6 24. Nf6 Rdd8 25. Ne4 Rhg8 26. g3 hxg3
27. hxg3 Rg7 28. Rh6 Rgd7 29. Rhh1 a5 30. Rhe1 Rg7 31. Nd2 Kb8 32. Nb3 Rgd7 33.
Qg4 e5 34. Nxd4 exd4 35. Qf4+ Ka7 36. Re5 Rd6 37. Re7+ R8d7 38. Rde1 Ka6 39.
Qf5 d3 40. Rxd7 dxc2+ 41. Kc1 1-0

[Event "DEM U18 2017"]
[Site "Willingen GER"]
[Date "2017.06.05"]
[Round "3"]
[White "Ravina, David"]
[Black "Kololli, Martin"]
[Result "0-1"]
[Termination "normal"]
[Board "5"]
[WhiteElo "2236"]
[BlackElo "2238"]
[WhiteClock "00:00:39"]
[BlackClock "00:05:48"]
[PlyCount "80"]
[WhiteFideId "12921858"]
[BlackFideId "12936910"]
[EventCountry "GER"]
[EventRounds "9"]
[EventType "swiss"]
[EventDate "2017.06.03"]

1. e4 c5 2. Nf3 d6 3. c3 Nf6 4. Be2 g6 5. O-O Bg7 6. Re1 O-O 7. Bf1 Nc6 8. h3
e5 9. d3 Qc7 10. Bg5 h6 11. Bh4 Nh5 12. Nh2 Bd7 13. Na3 Be8 14. Nc2 f5 15. exf5
g5 16. Bg3 Nxg3 17. fxg3 Rxf5 18. Ne3 Rf8 19. Be2 Ne7 20. Bf3 Bf7 21. c4 Rad8
22. Nhg4 Kh8 23. Re2 Be6 24. Qb3 Nc6 25. Bxc6 bxc6 26. Qa3 Rb8 27. Nf2 Bg8 28.
Nf1 Bh7 29. Nd2 Rf7 30. Nde4 Rbf8 31. Rae1 Qe7 32. Qa6 Qc7 33. b3 Rd8 34. Qa3
Qb6 35. Rf1 Qc7 36. Rfe1 Qe7 37. Qa6 d5 38. Nd2 Qc7 39. Nf3 Rdf8 40. Nd2 e4 0-1

[Event "DEM U18 2017"]
[Site "Willingen GER"]
[Date "2017.06.05"]
[Round "3"]
[White "Neukirchner, Pascal"]
[Black "Vogel, Roven"]
[Result "0-1"]
[Termination "normal"]
[Board "6"]
[BlackTitle "IM"]
[WhiteElo "2108"]
[BlackElo "2464"]
[WhiteClock "00:27:11"]
[BlackClock "00:41:39"]
[PlyCount "84"]
[WhiteFideId "12997927"]
[BlackFideId "12908088"]
[EventCountry "GER"]
[EventRounds "9"]
[EventType "swiss"]
[EventDate "2017.06.03"]

1. d4 Nf6 2. c4 g6 3. f3 c5 4. d5 Bg7 5. e4 d6 6. Nc3 O-O 7. Bg5 a6 8. Qd2 e6
9. a4 exd5 10. cxd5 Re8 11. Nge2 Nbd7 12. Ng3 h5 13. Be2 Qa5 14. O-O Nh7 15.
Be3 Qb4 16. a5 b5 17. Nh1 Ne5 18. Nf2 Nc4 19. Bxc4 bxc4 20. Na4 Rb8 21. Rfb1
Bd7 22. Nb6 Bb5 23. Nd1 Qxd2 24. Bxd2 f5 25. Nc3 Bd4+ 26. Kh1 fxe4 27. Nxe4
Rxe4 28. fxe4 Nf6 29. Bc3 Nxe4 30. Bxd4 cxd4 31. Re1 Nf2+ 32. Kg1 Nd3 33. Re6
Rd8 34. Rxg6+ Kh7 35. Rg5 Nxb2 36. Re1 Re8 37. Rxe8 Bxe8 38. Nxc4 Nxc4 39. Rg3
Bg6 40. Kf2 d3 41. Ke1 d2+ 42. Kd1 h4 0-1

[Event "DEM U18 2017"]
[Site "Willingen GER"]
[Date "2017.06.05"]
[Round "3"]
[White "Schröder, Kevin"]
[Black "Vuckovic, Zarko"]
[Result "1-0"]
[Termination "normal"]
[Board "7"]
[WhiteTitle "FM"]
[WhiteElo "2352"]
[BlackElo "2063"]
[WhiteClock "00:16:49"]
[BlackClock "00:13:29"]
[PlyCount "116"]
[WhiteFideId "12929840"]
[BlackFideId "12952087"]
[EventCountry "GER"]
[EventRounds "9"]
[EventType "swiss"]
[EventDate "2017.06.03"]

1. d4 e6 2. c4 d5 3. Nc3 Be7 4. Nf3 Nf6 5. Bf4 O-O 6. e3 b6 7. cxd5 exd5 8. Bd3
Bb7 9. Qc2 c5 10. Rd1 Nc6 11. a3 c4 12. Be2 a6 13. O-O b5 14. Ne5 Na7 15. Bf3
a5 16. e4 dxe4 17. Nxe4 Nxe4 18. Bxe4 Bxe4 19. Qxe4 Re8 20. Rfe1 Bf8 21. Qb7
Re7 22. Qf3 f6 23. Nc6 Nxc6 24. Qxc6 Rc8 25. Qxb5 Qxd4 26. Be3 Re5 27. Bxd4
Rxb5 28. g3 c3 29. Bxc3 Bxa3 30. bxa3 Rxc3 31. Rd8+ Kf7 32. Rd7+ Kg6 33. Ree7
h5 34. Rxg7+ Kf5 35. Rh7 Ke4 36. Kg2 Rxa3 37. Rd6 Rf5 38. Re7+ Re5 39. Rf7 f5
40. Rfd7 Ra4 41. f3+ Ke3 42. Rd3+ Ke2 43. Rd2+ Ke1 44. Rd1+ Ke2 45. Rf1 h4 46.
Rdd1 h3+ 47. Kxh3 Rd5 48. Rxd5 Kxf1 49. Rxf5 Ra2 50. Rb5 a4 51. f4 a3 52. Rb1+
Ke2 53. f5 Ke3 54. f6 Rf2 55. Rb3+ Ke4 56. Rxa3 Rxf6 57. Kg2 Rb6 58. Rf3 Kd5
1-0

[Event "DEM U18 2017"]
[Site "Willingen GER"]
[Date "2017.06.05"]
[Round "3"]
[White "Mätzkow, Maximilian Paul"]
[Black "Urban, Konstantin"]
[Result "1-0"]
[Termination "normal"]
[Board "8"]
[WhiteElo "2131"]
[BlackElo "2377"]
[WhiteClock "00:18:55"]
[BlackClock "00:02:13"]
[PlyCount "137"]
[WhiteFideId "24679933"]
[BlackFideId "12927511"]
[EventCountry "GER"]
[EventRounds "9"]
[EventType "swiss"]
[EventDate "2017.06.03"]

1. Nf3 Nf6 2. g3 g6 3. Bg2 Bg7 4. c4 O-O 5. O-O d6 6. d3 e5 7. Nc3 Nc6 8. Bd2
h6 9. Rb1 a5 10. a3 Be6 11. b4 axb4 12. axb4 Ne7 13. Ra1 Qd7 14. Qb3 Bh3 15.
Ra3 Bxg2 16. Kxg2 Nh5 17. Rfa1 Rab8 18. e4 Kh7 19. Nd5 Nxd5 20. cxd5 f5 21. Rc1
Rf7 22. Qa4 b5 23. Qc2 Rbf8 24. h3 Bf6 25. Qc6 Qxc6 26. Rxc6 Bd8 27. Be1 Nf6
28. Nd2 Nd7 29. Ra5 fxe4 30. dxe4 Nb8 31. Rc2 c6 32. Ra8 Bb6 33. dxc6 Rc8 34.
Nb3 Rfc7 35. Na5 Ra7 36. Rxa7+ Bxa7 37. c7 Na6 38. Rc6 Nxc7 39. Rxd6 Rg8 40.
Bc3 Rg7 41. Bxe5 Rf7 42. Rf6 Rxf6 43. Bxf6 Na6 44. Be7 Bd4 45. Nc6 Bc3 46. Bd6
Kg8 47. f4 Kf7 48. Na7 Nxb4 49. Bxb4 Bxb4 50. Nxb5 h5 51. Kf3 Be1 52. g4 hxg4+
53. Kxg4 Bb4 54. h4 Bc5 55. h5 gxh5+ 56. Kxh5 Ke6 57. Kg4 Bb6 58. Nc3 Bd4 59.
Nd5 Bb2 60. Nb4 Bc3 61. Nd3 Bd4 62. f5+ Kf6 63. Kf4 Bb6 64. e5+ Kf7 65. Ke4 Bc7
66. f6 Ba5 67. Kf5 Bc3 68. e6+ Ke8 69. Ne5 1-0

[Event "DEM U18 2017"]
[Site "Willingen GER"]
[Date "2017.06.05"]
[Round "3"]
[White "Brunner, Wilken"]
[Black "Gschnitzer, Adrian"]
[Result "0-1"]
[Termination "normal"]
[Board "9"]
[WhiteElo "2037"]
[BlackElo "2342"]
[WhiteClock "00:27:00"]
[BlackClock "00:02:47"]
[PlyCount "82"]
[WhiteFideId "12928771"]
[BlackFideId "1270337"]
[EventCountry "GER"]
[EventRounds "9"]
[EventType "swiss"]
[EventDate "2017.06.03"]

1. d4 Nf6 2. c4 c5 3. d5 b5 4. Nf3 g6 5. cxb5 a6 6. b6 d6 7. Nc3 Nbd7 8. Nd2
Bg7 9. e4 Nxb6 10. a4 a5 11. Bb5+ Bd7 12. O-O O-O 13. Qc2 Ne8 14. Rb1 Nc7 15.
Bxd7 Qxd7 16. b3 Na6 17. Ba3 Nb4 18. Bxb4 cxb4 19. Nb5 Rac8 20. Qd3 Rc5 21.
Rfc1 Rfc8 22. Rxc5 Rxc5 23. Nf3 Qg4 24. h3 Qf4 25. g3 Qh6 26. Kg2 Nd7 27. Nfd4
Rc1 28. Rxc1 Qxc1 29. Nc6 Nc5 30. Qf3 Qc2 31. Nxa5 Nd3 32. Qe3 Qd1 33. h4 h5
34. Qa7 Ne1+ 35. Kf1 Nc2+ 36. Kg2 Ne1+ 37. Kf1 Nf3+ 38. Kg2 Nd2 39. Qe3 Qf1+
40. Kh2 Bh6 41. Qxh6 Nf3# 0-1

[Event "DEM U18 2017"]
[Site "Willingen GER"]
[Date "2017.06.05"]
[Round "3"]
[White "Reindl, Arno"]
[Black "Oberhofer, Cédric"]
[Result "0-1"]
[Termination "normal"]
[Board "10"]
[WhiteElo "2013"]
[BlackElo "2187"]
[WhiteClock "00:22:06"]
[BlackClock "00:20:28"]
[PlyCount "88"]
[WhiteFideId "12946729"]
[BlackFideId "12941220"]
[EventCountry "GER"]
[EventRounds "9"]
[EventType "swiss"]
[EventDate "2017.06.03"]

1. e4 c5 2. Nf3 d6 3. d4 cxd4 4. Qxd4 Nc6 5. Bb5 a6 6. Bxc6+ bxc6 7. O-O e5 8.
Qd2 Nf6 9. Rd1 Qc7 10. Nc3 Be7 11. h3 O-O 12. b3 Rd8 13. Bb2 h6 14. Qe3 Be6 15.
Ne2 a5 16. c4 Nd7 17. Nc3 Nb6 18. Rac1 Qb7 19. c5 dxc5 20. Nxe5 c4 21. bxc4
Nxc4 22. Nxc4 Bxc4 23. Ba1 Qc7 24. e5 Rxd1+ 25. Rxd1 Rd8 26. Rxd8+ Bxd8 27. Qe4
Be6 28. Kh2 Qb6 29. Qe2 Qd4 30. g3 Bc7 31. f4 Bb6 32. Qg2 Bxa2 33. Nxa2 Qxa1
34. h4 a4 35. Kh3 a3 36. e6 fxe6 37. Qxc6 Qxa2 38. Qxb6 Qd5 39. Qa7 a2 40. Kh2
Qd2+ 41. Kh3 Qe2 42. Qa8+ Kh7 43. Qh1 Qc2 44. Qa1 Qb1 0-1

[Event "DEM U18 2017"]
[Site "Willingen GER"]
[Date "2017.06.05"]
[Round "3"]
[White "Pallas, Sebastian"]
[Black "Schmekel, Florian"]
[Result "1-0"]
[Termination "normal"]
[Board "11"]
[WhiteElo "2185"]
[BlackElo "2029"]
[WhiteClock "00:33:49"]
[BlackClock "00:24:42"]
[PlyCount "107"]
[WhiteFideId "12905453"]
[BlackFideId "12913456"]
[EventCountry "GER"]
[EventRounds "9"]
[EventType "swiss"]
[EventDate "2017.06.03"]

1. e4 c5 2. Nf3 Nc6 3. d4 cxd4 4. Nxd4 g6 5. Nc3 Bg7 6. Be3 Nf6 7. Bc4 O-O 8.
Bb3 Ng4 9. Qxg4 Nxd4 10. Qd1 Nc6 11. Qd2 Qa5 12. O-O d6 13. Bh6 Be6 14. Bxg7
Kxg7 15. Rad1 Rac8 16. f4 Bxb3 17. axb3 Qb4 18. f5 f6 19. Kh1 g5 20. h4 h6 21.
Qe2 Qb6 22. Nd5 Qd8 23. c3 Ne5 24. Kg1 Rg8 25. hxg5 hxg5 26. Kf2 Rh8 27. Qb5 b6
28. Rh1 Qe8 29. Qxe8 Rcxe8 30. Rxh8 Kxh8 31. b4 b5 32. Ra1 Nc6 33. Nc7 Rb8 34.
Ra6 Rb6 35. Rxb6 axb6 36. Nxb5 Ne5 37. b3 Kg7 38. Nc7 Nc6 39. Nd5 b5 40. Nc7
Na7 41. g4 Kf7 42. Ke2 Kf8 43. c4 bxc4 44. bxc4 Nc8 45. b5 Nb6 46. Kd3 e5 47.
fxe6 Na4 48. Kd4 Ke7 49. b6 Nc5 50. Kd5 Nb7 51. Kc6 Na5+ 52. Kb5 Nb7 53. Ka6
Nc5+ 54. Ka7 1-0

[Event "DEM U18 2017"]
[Site "Willingen GER"]
[Date "2017.06.05"]
[Round "3"]
[White "Karsay, Pascal"]
[Black "Küppers, Timo"]
[Result "1-0"]
[Termination "normal"]
[Board "12"]
[WhiteElo "2141"]
[BlackElo "2192"]
[WhiteClock "00:27:13"]
[BlackClock "00:22:58"]
[PlyCount "55"]
[WhiteFideId "12953474"]
[BlackFideId "16205820"]
[EventCountry "GER"]
[EventRounds "9"]
[EventType "swiss"]
[EventDate "2017.06.03"]

1. e4 c5 2. Nf3 d6 3. d4 cxd4 4. Nxd4 Nf6 5. Nc3 a6 6. Bg5 Nbd7 7. Qe2 e6 8. f4
Qc7 9. O-O-O h6 10. Bh4 Be7 11. g4 g5 12. fxg5 Nh7 13. Bg3 hxg5 14. Nf3 b5 15.
e5 d5 16. Nxd5 exd5 17. e6 Qc5 18. exd7+ Bxd7 19. Ne5 Be6 20. Ng6 Rg8 21. Nxe7
Qxe7 22. Bg2 Nf6 23. h3 O-O-O 24. a4 Qb7 25. Qe5 Ne4 26. Bxe4 dxe4 27. Qc5+ Qc7
28. Qxc7# 1-0

[Event "DEM U18 2017"]
[Site "Willingen GER"]
[Date "2017.06.05"]
[Round "3"]
[White "Carnot, Luca"]
[Black "Hesse, Henrik"]
[Result "0-1"]
[Termination "normal"]
[Board "13"]
[WhiteElo "1946"]
[BlackElo "2161"]
[WhiteClock "00:00:59"]
[BlackClock "00:02:49"]
[PlyCount "170"]
[WhiteFideId "12958964"]
[BlackFideId "12952060"]
[EventCountry "GER"]
[EventRounds "9"]
[EventType "swiss"]
[EventDate "2017.06.03"]

1. d4 Nf6 2. Bf4 d5 3. e3 e6 4. Nf3 b6 5. c3 Bb7 6. Bd3 Bd6 7. Ne5 Nfd7 8. Qg4
Nxe5 9. dxe5 Bf8 10. Nd2 Nd7 11. O-O-O Qe7 12. Bg3 h5 13. Qh3 O-O-O 14. f4 Nc5
15. Bc2 Qe8 16. Bh4 Be7 17. Bxe7 Qxe7 18. Rhe1 g5 19. f5 exf5 20. Qxf5+ Kb8 21.
Nb3 Rhe8 22. Nd4 Qxe5 23. Qxe5 Rxe5 24. Nf3 Re7 25. Nxg5 Rg8 26. h4 f6 27. Nh7
Rxg2 28. Nxf6 Rh2 29. Nxh5 Rxh4 30. Nf4 Rh2 31. Nxd5 Bxd5 32. Rxd5 Rg7 33. Rd2
Rh5 34. Rf2 Re7 35. e4 Rhe5 36. b4 Ne6 37. Rf5 Ng5 38. Rxe5 Rxe5 39. Re3 c5 40.
a4 cxb4 41. cxb4 Kc7 42. Kb2 a5 43. b5 Ne6 44. Rf3 Kd6 45. Rf6 Kc5 46. Kc3 Nd4
47. Bd3 Re7 48. Rh6 Ne6 49. Bc4 Nd8 50. Bd5 Rg7 51. Rh8 Rd7 52. Rh5 Kd6 53. Bc6
Rc7 54. Rh6+ Ke5 55. Kd3 Ne6 56. Rh5+ Kd6 57. Rd5+ Ke7 58. Kc4 Nd8 59. Re5+ Kd6
60. Rd5+ Ke7 61. Rh5 Kd6 62. Rd5+ Ke7 63. Re5+ Kd6 64. Rh5 Re7 65. Kd3 Ne6 66.
Rh6 Kc5 67. Kc3 Nd8 68. Bd5 Rg7 69. Rh8 Rd7 70. Re8 Kd6 71. Rh8 Kc5 72. Rf8 Rd6
73. Rf5 Rh6 74. Bc6+ Kd6 75. Rd5+ Kc7 76. Bd7 Rd6 77. Rxd6 Kxd6 78. Bf5 Ke5 79.
Kd3 Nb7 80. Ke3 Nc5 81. Bh7 Nxa4 82. Kd3 Nc5+ 83. Kc3 Nxe4+ 84. Kb3 Kd4 85. Bf5
Nc5+ 0-1

[Event "DEM U18 2017"]
[Site "Willingen GER"]
[Date "2017.06.05"]
[Round "3"]
[White "Silber, Kevin"]
[Black "Philippi, Aidan"]
[Result "0-1"]
[Termination "normal"]
[Board "14"]
[WhiteElo "2048"]
[BlackElo "1664"]
[WhiteClock "00:04:55"]
[BlackClock "00:14:18"]
[PlyCount "84"]
[WhiteFideId "12930440"]
[BlackFideId "16229533"]
[EventCountry "GER"]
[EventRounds "9"]
[EventType "swiss"]
[EventDate "2017.06.03"]

1. e4 d6 2. d4 Nf6 3. Nc3 g6 4. f4 Bg7 5. Nf3 O-O 6. e5 Nfd7 7. Bc4 e6 8. O-O
d5 9. Bd3 c5 10. Be3 c4 11. Be2 a6 12. a4 Qc7 13. Ng5 h6 14. Nh3 Nc6 15. Qd2
Kh7 16. g4 Ne7 17. b3 Rb8 18. bxc4 dxc4 19. d5 exd5 20. Nxd5 Nxd5 21. Qxd5 b5
22. axb5 axb5 23. Rfd1 Nxe5 24. Ra7 Rb7 25. Rxb7 Bxb7 26. Qxb5 Nf3+ 27. Kf2 Qe7
28. g5 Re8 29. Qc5 Qe6 30. f5 Qe4 31. Nf4 hxg5 32. Nd5 Bxd5 33. Rxd5 Bd4 34.
fxg6+ fxg6 35. Bxd4 Qxe2+ 36. Kg3 Nxd4 37. Rd7+ Kh6 38. Qxd4 Re3+ 39. Qxe3
Qxe3+ 40. Kg2 Qe4+ 41. Kf2 Qf5+ 42. Ke2 Qxd7 0-1